000 00315nam a22001337a 4500
999 _c12068
_d12068
020 _a0-7513-5805-3
082 _a932.014
100 _aDavid Murdoch
245 _aTutankhamun the life and death of a Pharaoh
260 _aLondon
_bDorling Kindersley
_c1998
300 _a47
650 _aHistory
942 _cBK